| 000 | 00649nam a2200217 i 4500 | ||
|---|---|---|---|
| 001 | 100718 | ||
| 003 | ES-MaACL | ||
| 005 | 20250829041757.0 | ||
| 007 | t| | ||
| 008 | 051004s1969 sp |||| |bspa d | ||
| 080 | _a929 Benavente, Jacinto | ||
| 100 | 1 |
_aMathias, Julio. _979039 |
|
| 245 | 1 | 0 |
_aBenavente / _cJulio Mathias. |
| 260 |
_aMadrid : _bEpesa, _c1969. |
||
| 300 |
_a161 p. ; _c17 cm. |
||
| 490 | 1 |
_aGrandes escritores contemporáneos ; _v7 |
|
| 600 | 1 | 4 |
_aBenavente, Jacinto, _d1866-1954 _927443 |
| 830 | 1 | 0 |
_aGrandes escritores contemporáneos (Epesa) _v7 _9180697 |
| 852 | 4 |
_aES-MaACL _jC-40509 |
|
| 999 |
_c100718 _d100718 |
||